Proyectos, Innovación y Estrategia (PIE). Un paso firme hacia nuevos modelos en la gestión empresarial (Registro nro. 8049)

Detalles MARC
000 -Líder
fixed length control field 00936nam a22002657a 4500
005 - Fecha y hora de la última transacción
Campo de control 20160627195645.0
008 - Elementos de longitud fija--Información general
Campo de control de longitud fija 160510b xxu||||| |||| 00| 0 spa d
022 ## - Número Internacional de Publicaciones Seriadas
Número Internacional de Publicaciones Seriadas (ISSN) 03793982
082 ## - Clasificación Decimal Dewey
Número de clasificación Tecnología en Marcha Vol 24, N°4 2011
100 ## - Entrada principal--Autor personal
Autor personal Gutiérrez Sandí, William
100 ## - Entrada principal--Autor personal
Autor personal Gracia-Villar, Santos
100 ## - Entrada principal--Autor personal
Autor personal Vargas Vargas, Kattia
100 ## - Entrada principal--Autor personal
Autor personal Dzul López, Luis Alonso
245 ## - Título propiamente dicho
Título Proyectos, Innovación y Estrategia (PIE). Un paso firme hacia nuevos modelos en la gestión empresarial
260 ## - PUBLICACIÓN, DISTRIBUCIÓN, ETC.
Lugar de publicación Costa Rica
Editorial Tecnológico de Costa Rica
Año de publicación 2011
300 ## - Descripción física
Extensión páginas 69-84
440 ## - Declaración de serie/asiento adicional--título
Título de la serie Tecnología en Marcha
650 ## - Materia general
Temática (materia general) COSTA RICA
650 ## - Materia general
Temática (materia general) INNOVACIÓN
650 ## - Materia general
Temática (materia general) GESTIÓN DE LA TECNOLOGÍA
650 ## - Materia general
Temática (materia general) GESTIÓN DE PROCESOS
650 ## - Materia general
Temática (materia general) GESTIÓN DE PROYECTOS
650 ## - Materia general
Temática (materia general) ESTRATEGIA EMPRESARIAL
942 ## - Punto de acceso adicional KOHA
Punto de acceso adicional KOHA Revista

No hay ítems disponibles.